000 00706nam a2200241Ia 4500
003 OSt
005 20220912150836.0
006 a|||||r|||| 00| 0
007 ta
008 220909b |||||||| |||| 00| 0 eng d
024 _a58201
037 _cTextual
040 _aCSL
_beng
_cCSL
041 _aeng
082 _aI9555-22:12.7, K0 CS
100 _aTaylor W R
245 0 _aMarine algae of the eastern tropical and subtropical coasts of America
260 _aAnn Arbor
_b University of Michigan Press
_c1960
300 _axi,870p.
_ccm.
650 _aEcological Groups
942 _hI9555-22:12.7, K0 CS
_cTEXL
_2CC
999 _c56034
_d56034